The quest for marketing (notice n° 1674810)
[ vue normale ]
| 000 -LEADER | |
|---|---|
| fixed length control field | 02029cam a2200169 4500500 |
| 005 - DATE AND TIME OF LATEST TRANSACTION | |
| control field | 20260301002157.0 |
| 041 ## - LANGUAGE CODE | |
| Language code of text/sound track or separate title | fre |
| 042 ## - AUTHENTICATION CODE | |
| Authentication code | dc |
| 100 10 - MAIN ENTRY--PERSONAL NAME | |
| Personal name | Mellet, Kevin |
| Relator term | author |
| 245 00 - TITLE STATEMENT | |
| Title | The quest for marketing |
| 260 ## - PUBLICATION, DISTRIBUTION, ETC. | |
| Date of publication, distribution, etc. | 2024.<br/> |
| 500 ## - GENERAL NOTE | |
| General note | 65 |
| 520 ## - SUMMARY, ETC. | |
| Summary, etc. | When did gender become a focus of interest in French social science publications, and who is responsible for this engagement? Has this focus intensified compared to the past, and has the production of knowledge on gender supplanted the investigation of other forms of domination, as is sometimes suggested? Given the impossibility of examining the entirety of academic output over an extended period, speculation often prevails over empirical analysis. To contribute to these debates, as well as to the history and sociology of the social sciences, this article draws on tools from natural language processing – language models – to identify various modes of exploring gender relations within a large corpus. Applied to scientific articles from 120 French social science journals published since the beginning of the twenty-first century, this methodology yields several significant findings. Although the proportion of gender-related content in academic publications has undeniably increased over the past twenty-five years – albeit from a low initial baseline –, it remains finally limited. Pronounced disciplinary differences are evident, as are variations in the institutionalization of this approach. Furthermore, knowledge production on gender continues to be predominantly undertaken by women. Finally, the share of publications that integrate gender analysis with the exploration of other social relations is increasing slightly, though it remains marginal, and gender has not replaced class as a category of analysis. |
| 700 10 - ADDED ENTRY--PERSONAL NAME | |
| Personal name | Behrent, Michael C. |
| Relator term | author |
| 786 0# - DATA SOURCE ENTRY | |
| Note | Books & Ideas | - | 1 | 2024-01-02 | p. XXVI-XXVI |
| 856 41 - ELECTRONIC LOCATION AND ACCESS | |
| Uniform Resource Identifier | <a href="https://shs.cairn.info/journal-books-and-ideas-2024-1-page-XXVI?lang=en&redirect-ssocas=7080">https://shs.cairn.info/journal-books-and-ideas-2024-1-page-XXVI?lang=en&redirect-ssocas=7080</a> |
Pas d'exemplaire disponible.




Réseaux sociaux